Tayc-Dis-moi comment - Statistiques

Statistiques générales
  • Ce quiz a été pris 55 fois
  • Le résultat moyen est 141 sur 273
Statistiques - réponses
Réponse % Correct
comment
98%
de
95%
à
90%
a
90%
dis-moi
88%
je
88%
ma
88%
m'a
88%
te
88%
toi
88%
mais
83%
moi
83%
haïr
81%
j’essaie
81%
me
79%
sans
79%
tout
79%
le
76%
ramène
76%
oui
74%
tu
74%
ne
71%
pas
71%
mieux
69%
m'as
67%
pire
67%
veux
64%
vis
64%
fait
62%
résister
62%
tellement
62%
fais
55%
fuir
55%
dis-le
52%
sourire
52%
tayc
52%
j'ai
48%
savoir
48%
la
45%
se
45%
yeah
45%
aussi
43%
love
43%
non
43%
qui
43%
voire
43%
avec
40%
et
38%
mal
36%
mon
36%
ouh
36%
pour
36%
rien
36%
seul
36%
t'es
36%
fois
33%
j'suis
33%
mis
33%
on
33%
qu'un
33%
s'estomper
33%
temps
33%
terre
33%
ton
33%
bien
31%
combien
31%
condamné
31%
détesté
31%
d'homme
31%
douleur
31%
j'étais
31%
mes
31%
qu'on
31%
réparé
31%
rester
31%
si
31%
veut
31%
cicatriser
29%
est
29%
guerre
29%
l'amour
29%
même
29%
n'est
29%
plus
29%
sais
29%
statut
29%
you
29%
agir
26%
après
26%
j'me
26%
j'sais
26%
j't'ai
26%
menti
26%
plaies
26%
puissant
26%
qu'une
26%
sens
26%
une
26%
vide
26%
vois
26%
aucunes
24%
combler
24%
douloureux
24%
elles
24%
encore
24%
fondé
24%
histoire
24%
l'as
24%
m'faire
24%
n'veut
24%
n'veux
24%
recommencer
24%
s'fait
24%
larmes
21%
manquer
21%
m'avaient
21%
revu
21%
c'qu'on
19%
d'hommetu
2%
Aucun quiz correspondant
Distribution des résultats
% des personnes avec chaque résultat
Percentile par nombre de réponses
Votre historique - résultats
Vous n’avez pas pris ce quiz